Traité Complet De Diplomatie : (Record no. 70847)
[ view plain ]
| 000 -LEADER | |
|---|---|
| fixed length control field | 01492nam a2200325 i 4500 |
| 003 - CONTROL NUMBER IDENTIFIER | |
| control field | EG-GICUC |
| 005 - DATE AND TIME OF LATEST TRANSACTION | |
| control field | 20260414114832.0 |
| 008 - FIXED-LENGTH DATA ELEMENTS--GENERAL INFORMATION | |
| fixed length control field | 260414s1853 fr|||||fr||| 000 0 ffredd |
| 040 ## - CATALOGING SOURCE | |
| Original cataloging agency | EG-GiCUC |
| Language of cataloging | fre |
| Transcribing agency | EG-GiCUC |
| Modifying agency | EG-GiCUC |
| Description conventions | Rda |
| 041 ## - LANGUAGE CODE | |
| Language code of text/sound track or separate title | fre |
| 082 04 - DEWEY DECIMAL CLASSIFICATION NUMBER | |
| Edition number | 21 |
| Classification number | 341.33040 |
| Item number | DE . T |
| 092 04 - LOCALLY ASSIGNED DEWEY CALL NUMBER (OCLC) | |
| Edition number | 21 |
| 099 ## - LOCAL FREE-TEXT CALL NUMBER (OCLC) | |
| Classification number | Law1 11 341.33040 DE . T 1853 |
| 100 1# - MAIN ENTRY--PERSONAL NAME | |
| Personal name | De Garden, Le Comte |
| Relator term | Auteur |
| 245 10 - TITLE STATEMENT | |
| Title | Traité Complet De Diplomatie : |
| Remainder of title | Ou Théorie Générale Des Relations Extérieures Des Puissances De L'europe. |
| Number of part/section of a work | Tome Premier / |
| Statement of responsibility, etc. | Le Comte De Garden. |
| 264 #1 - PRODUCTION, PUBLICATION, DISTRIBUTION, MANUFACTURE, AND COPYRIGHT NOTICE | |
| Place of production, publication, distribution, manufacture | Paris : |
| Name of producer, publisher, distributor, manufacturer | Librairie De Treuttel Et Würtz, |
| Date of production, publication, distribution, manufacture, or copyright notice | 1853. |
| 300 ## - PHYSICAL DESCRIPTION | |
| Extent | 481page : |
| Other physical details | illustration ; |
| Dimensions | 24 cm. |
| 336 ## - CONTENT TYPE | |
| Source | rda contenu |
| Content type term | texte |
| 337 ## - MEDIA TYPE | |
| Source | rda medias |
| Media type term | Ordinateur |
| 338 ## - CARRIER TYPE | |
| Source | transporteur rda |
| Carrier type term | Ressource en ligne |
| 500 ## - GENERAL NOTE | |
| General note | Le Inabour Des Peuples, La Prospérité Des Empire, L'éclat Dont Brillent La Courouses, Tel Est Le Triple Bet De Cette Vaate Science.<br/>OS Parsit La Négociateur, Là Sussi Le Sung AC De Couler L'habileté Des Combinsinans, La Persuasions Du Langage, L'ascendant De L'anturité Morale, Telles Anat Ans Armes, La Voix De L'humanité, Les Règles Consacrées Par Te Deuit Des Nations, Telles Sont Les Lais Qu'il Invoqur |
| 504 ## - BIBLIOGRAPHY, ETC. NOTE | |
| Bibliography, etc. note | |
| 546 ## - LANGUAGE NOTE | |
| Language note | Texte en français |
| 650 14 - SUBJECT ADDED ENTRY--TOPICAL TERM | |
| Topical term or geographic name entry element | Diplomatie |
| Source of heading or term | |
| 650 14 - SUBJECT ADDED ENTRY--TOPICAL TERM | |
| Topical term or geographic name entry element | Corps diplomatique |
| 651 1# - SUBJECT ADDED ENTRY--GEOGRAPHIC NAME | |
| Source of heading or term | |
| 856 40 - ELECTRONIC LOCATION AND ACCESS | |
| Uniform Resource Identifier | <a href="https://fll.law.cu.edu.eg/fulltext/bks/B11-09066.pdf">https://fll.law.cu.edu.eg/fulltext/bks/B11-09066.pdf</a> |
| 905 ## - Cataloger and Reviser Names | |
| Cataloger Name: | Hager Mohamed |
| 942 ## - ADDED ENTRY ELEMENTS (KOHA) | |
| Source of classification or shelving scheme | Dewey Decimal Classification |
| Koha item type | Books |
| Edition | 21 |
| Suppress in OPAC | No |
| Withdrawn status | Lost status | Source of classification or shelving scheme | Materials specified (bound volume or other part) | Damaged status | Not for loan | Collection | Home library | Current library | Date acquired | Total checkouts | Full call number | Barcode | Date last seen | Copy number | Price effective from | Koha item type |
|---|---|---|---|---|---|---|---|---|---|---|---|---|---|---|---|---|
| Dewey Decimal Classification | V1 | Not for loan | القانون الدولي العام | جــــامعة القــاهرة | مكتبة كلية الحقوق - المبنى الرئيسي | 14.04.2026 | Law1 11 341.33040 DE . T 1853 1109066 V1, C1 | B11-09066 | 14.04.2026 | C1 | 14.04.2026 | Books |